[Event "Copenhagen K41 Sommer D"]
[Site "Copenhagen"]
[Date "2012.05.17"]
[Round "1"]
[White "Karup, Jesper"]
[Black "Strachan, Christian C"]
[Result "1/2-1/2"]
[WhiteElo "1749"]
[BlackElo "1717"]
[PlyCount "82"]
[EventDate "2012.05.17"]
[EventType "tourn"]
[EventRounds "5"]
[EventCountry "DEN"]
[SourceTitle "EXT 2023"]
[Source "ChessBase"]
[SourceDate "2022.10.05"]
[SourceVersion "1"]
[SourceVersionDate "2022.10.05"]
[SourceQuality "1"]

1. d4 d5 2. Bf4 Nf6 3. e3 c6 4. Nd2 e6 5. Ngf3 Bd6 6. Ne5 0-0 7. Bd3 c5 8. c3 cxd4 9. exd4 Nc6 10. Qf3 Qc7 11. Nxc6 Bxf4 12. Ne7+ Kh8 13. Nxc8 Raxc8 14. Qh3 Bxd2+ 15. Kxd2 Qb6 16. Rab1 e5 17. Bf5 Rce8 18. Qe3 exd4 19. Qxd4 Qa6 20. Bd3 Qa5 21. g4 Ne4+ 22. Kc2 a6 23. h4 Qc5 24. Qxc5 Nxc5 25. Rhe1 Ne6 26. Re5 Rd8 27. Rbe1 g6 28. h5 Kg7 29. Be2 d4 30. c4 d3+ 31. Bxd3 Nd4+ 32. Kc3 Nf3 33. h6+ Kg8 34. R1e3 Nxe5 35. Rxe5 Rd7 36. Be4 Rfd8 37. Bd5 Kf8 38. Re3 Re8 39. Rf3 Ree7 40. Rf6 Ke8 41. a4 a5 1/2-1/2

[Event "Valby K41 Spring-D"]
[Site "Valby"]
[Date "2011.03.22"]
[Round "2"]
[White "Ibsen, Johan"]
[Black "Karup, Jesper"]
[Result "0-1"]
[WhiteElo "1657"]
[BlackElo "1759"]
[PlyCount "74"]
[EventDate "2011.03.15"]
[EventType "tourn"]
[EventRounds "7"]
[EventCountry "DEN"]
[SourceTitle "EXT 2023"]
[Source "ChessBase"]
[SourceDate "2022.10.05"]
[SourceVersion "1"]
[SourceVersionDate "2022.10.05"]
[SourceQuality "1"]

1. e4 g6 2. f4 Bg7 3. Nc3 d6 4. Nf3 Nf6 5. d4 c6 6. Bd3 0-0 7. Be3 Qb6 8. Rb1 Nbd7 9. 0-0 Ng4 10. Qd2 Nxe3 11. Qxe3 e5 12. Ne2 Re8 13. c3 Nf6 14. fxe5 Ng4 15. Qc1 Bh6 16. Qe1 dxe5 17. h3 Ne3 18. Qh4 Kg7 19. Rf2 c5 20. Ng5 f6 21. Nf7 Kxf7 22. Qxh6 g5 23. Qxh7+ Ke6 24. Qh6 Qd8 25. d5+ Kf7 26. Bb5 Rg8 27. Rf3 a6 28. Ba4 b5 29. Rxe3 Rh8 30. Qxh8 Qxh8 31. Bc2 g4 32. hxg4 Bxg4 33. Ng3 Qh6 34. Ree1 Rh8 35. Rbc1 Qh2+ 36. Kf2 Qh6 37. b3 Qf4+ 0-1

[Event "Valby K41 Aabent-ch 1011"]
[Site "Valby"]
[Date "2011.01.11"]
[Round "6"]
[White "Karup, Jesper"]
[Black "Andreassen, Mikkel"]
[Result "1/2-1/2"]
[WhiteElo "1774"]
[BlackElo "1726"]
[PlyCount "75"]
[EventDate "2010.11.03"]
[EventType "swiss"]
[EventRounds "10"]
[EventCountry "DEN"]
[SourceTitle "EXT 2023"]
[Source "ChessBase"]
[SourceDate "2022.10.05"]
[SourceVersion "1"]
[SourceVersionDate "2022.10.05"]
[SourceQuality "1"]

1. e4 e5 2. Bc4 Nf6 3. d3 Bc5 4. Nc3 Nc6 5. f4 d6 6. f5 h6 7. Na4 a6 8. Nxc5 dxc5 9. Be3 b6 10. a3 Bb7 11. Nf3 Qe7 12. h3 0-0-0 13. Qe2 Kb8 14. 0-0-0 Ne8 15. g4 Nd6 16. Ba2 Nd4 17. Nxd4 cxd4 18. Bd2 c5 19. Rdg1 f6 20. h4 Rc8 21. g5 hxg5 22. hxg5 Rxh1 23. Rxh1 c4 24. gxf6 gxf6 25. Bb4 c3 26. bxc3 dxc3 27. Be6 Rc7 28. Rh8+ Ka7 29. Qg4 a5 30. Bxd6 Qxd6 31. Qg8 Qxa3+ 32. Kd1 b5 33. Qb8+ Kb6 34. Rd8 Qe7 35. Bd5 Kc5 36. Re8 Qg7 37. Rg8 Qe7 38. Re8 1/2-1/2

[Event "Valby K41 Aabent-ch 1011"]
[Site "Valby"]
[Date "2010.12.14"]
[Round "4"]
[White "Karup, Jesper"]
[Black "Nielsen, John Holm"]
[Result "0-1"]
[WhiteElo "1774"]
[BlackElo "2019"]
[PlyCount "58"]
[EventDate "2010.11.03"]
[EventType "swiss"]
[EventRounds "10"]
[EventCountry "DEN"]
[SourceTitle "EXT 2023"]
[Source "ChessBase"]
[SourceDate "2022.10.05"]
[SourceVersion "1"]
[SourceVersionDate "2022.10.05"]
[SourceQuality "1"]

1. e4 e5 2. Bc4 Nf6 3. Nc3 Nc6 4. a3 Bc5 5. d3 0-0 6. Nf3 h6 7. 0-0 d6 8. Na4 Bb6 9. Nxb6 axb6 10. h3 Qe7 11. Bd2 Be6 12. Bxe6 Qxe6 13. Nh4 Ne7 14. g4 d5 15. Qf3 dxe4 16. dxe4 Ra4 17. Bb4 c5 18. b3 Raa8 19. Bc3 Rfd8 20. Nf5 Ng6 21. Rfd1 Kh7 22. Bd2 Qc6 23. Ng3 Rd7 24. Bc3 Rad8 25. Rxd7 Rxd7 26. Qf5 Qd6 27. h4 Kg8 28. h5 Nh4 29. Bxe5 Qxe5 0-1

[Event "Valby K41 Autumn-B"]
[Site "Valby"]
[Date "2010.09.14"]
[Round "2"]
[White "Karup, Jesper"]
[Black "Abildgaard, Kenneth"]
[Result "0-1"]
[WhiteElo "1733"]
[BlackElo "1943"]
[PlyCount "74"]
[EventDate "2010.09.07"]
[EventType "tourn"]
[EventRounds "7"]
[EventCountry "DEN"]
[SourceTitle "EXT 2023"]
[Source "ChessBase"]
[SourceDate "2022.10.05"]
[SourceVersion "1"]
[SourceVersionDate "2022.10.05"]
[SourceQuality "1"]

1. e4 e5 2. Nf3 Nf6 3. Nxe5 d6 4. Nf3 Nxe4 5. d4 Be7 6. Bd3 d5 7. Qe2 0-0 8. 0-0 f5 9. Ne5 Nd7 10. Nxd7 Bxd7 11. c4 c6 12. f3 Nf6 13. Qc2 dxc4 14. Bxc4+ Kh8 15. Nc3 b5 16. Bb3 a5 17. a4 b4 18. Ne2 Bd6 19. Bf4 Qc7 20. Qd2 Rae8 21. Bxd6 Qxd6 22. Rac1 Be6 23. Bxe6 Rxe6 24. Rc5 Rfe8 25. Nf4 Re5 26. Rfc1 Re3 27. g3 Rxf3 28. Rxc6 Qd7 29. d5 Qa7+ 30. Kg2 Ne4 31. Rc8 Rg8 32. d6 Rf2+ 33. Qxf2 Qxf2+ 34. Kh1 Qf3+ 35. Kg1 Qe3+ 36. Kh1 Qf3+ 37. Kg1 Nxd6 0-1

[Event "Valby K41 Spring-B"]
[Site "Valby"]
[Date "2010.04.06"]
[Round "4"]
[White "Henriksen, Christian Steen"]
[Black "Karup, Jesper"]
[Result "1/2-1/2"]
[WhiteElo "1707"]
[BlackElo "1708"]
[PlyCount "85"]
[EventDate "2010.03.09"]
[EventType "tourn"]
[EventRounds "7"]
[EventCountry "DEN"]
[SourceTitle "EXT 2023"]
[Source "ChessBase"]
[SourceDate "2022.10.05"]
[SourceVersion "1"]
[SourceVersionDate "2022.10.05"]
[SourceQuality "1"]

1. d4 Nf6 2. c4 e6 3. Nc3 Bb4 4. Bg5 0-0 5. Qc2 d5 6. e3 c5 7. Nf3 Nbd7 8. Bd3 Qc7 9. cxd5 c4 10. Be4 exd5 11. Bf5 Re8 12. 0-0 Bxc3 13. Qxc3 Ne4 14. Qc2 Ndf6 15. Bf4 Qa5 16. Bxc8 Raxc8 17. Rfc1 Nh5 18. Bg5 Nxg5 19. Nxg5 Nf6 20. b3 b5 21. Qf5 Qa6 22. h3 Qd6 23. Rab1 g6 24. Qc2 Qa6 25. Qb2 Rc6 26. bxc4 bxc4 27. Qb7 Rf8 28. Rb4 Rb6 29. Rxb6 Qxb6 30. Rb1 Qxb7 31. Rxb7 Rc8 32. Rb2 Nd7 33. Kf1 Rc6 34. Ke2 f6 35. Nf3 Rb6 36. Rc2 Kf7 37. Ne1 Ke6 38. Kd2 Nb8 39. Kc3 Nc6 40. f3 Rb1 41. Re2 f5 42. g4 Kd6 43. Kc2 1/2-1/2

[Event "Valby K41 Spring-B"]
[Site "Valby"]
[Date "2010.03.16"]
[Round "2"]
[White "Karup, Jesper"]
[Black "Hojland, Ulrik"]
[Result "1-0"]
[WhiteElo "1708"]
[BlackElo "1734"]
[PlyCount "39"]
[EventDate "2010.03.09"]
[EventType "tourn"]
[EventRounds "7"]
[EventCountry "DEN"]
[SourceTitle "EXT 2023"]
[Source "ChessBase"]
[SourceDate "2022.10.05"]
[SourceVersion "1"]
[SourceVersionDate "2022.10.05"]
[SourceQuality "1"]

1. e4 c6 2. d4 d5 3. Nc3 dxe4 4. Nxe4 Nd7 5. Nf3 Ngf6 6. Ng3 Nb6 7. h3 h5 8. Bd3 h4 9. Nf5 Bxf5 10. Bxf5 e6 11. Qe2 Qd5 12. Bd3 0-0-0 13. 0-0 Bd6 14. c4 Qh5 15. c5 Bxc5 16. dxc5 Qxc5 17. Bf4 Nbd7 18. Rac1 Qh5 19. Rxc6+ bxc6 20. Ba6# 1-0

[Event "Valby K41 Spring-B"]
[Site "Valby"]
[Date "2010.03.09"]
[Round "1"]
[White "Weber, John"]
[Black "Karup, Jesper"]
[Result "1/2-1/2"]
[WhiteElo "1791"]
[BlackElo "1708"]
[PlyCount "120"]
[EventDate "2010.03.09"]
[EventType "tourn"]
[EventRounds "7"]
[EventCountry "DEN"]
[SourceTitle "EXT 2023"]
[Source "ChessBase"]
[SourceDate "2022.10.05"]
[SourceVersion "1"]
[SourceVersionDate "2022.10.05"]
[SourceQuality "1"]

1. f4 d5 2. d4 Nf6 3. e3 g6 4. c4 e6 5. Nf3 Bg7 6. Nc3 0-0 7. Qc2 b6 8. Bd3 c5 9. Bd2 Nc6 10. cxd5 Nb4 11. Qb1 Nxd3+ 12. Qxd3 exd5 13. 0-0 Bf5 14. Qb5 a6 15. Qb3 c4 16. Qd1 Re8 17. Ne5 Ne4 18. Nxe4 Bxe4 19. Nf3 Qd6 20. Ng5 Bd3 21. Rf3 h6 22. Nh3 Be4 23. Rf2 Bf6 24. Qg4 Bf5 25. Qg3 Qe7 26. Rff1 Bd3 27. Rfc1 Bh4 28. Qf3 Qd7 29. Nf2 Bf5 30. g3 Bf6 31. Qd1 h5 32. Rc3 b5 33. b4 a5 34. a3 axb4 35. axb4 Ra4 36. Rca3 Rea8 37. Rxa4 Rxa4 38. Rxa4 bxa4 39. Qc1 Qb5 40. Qa3 Be7 41. Bc3 Bc2 42. Kf1 Qd7 43. Kg2 Qf5 44. Bd2 Bb3 45. Qb2 Qc2 46. Qxc2 Bxc2 47. Kf3 a3 48. b5 a2 49. Bc3 Bb4 50. Ba1 Ba5 51. e4 dxe4+ 52. Nxe4 Ba4 53. Nc3 Bxc3 54. Bxc3 Bxb5 55. Ke4 Ba4 56. Kd5 Bb3 57. Kc6 Kf8 58. d5 Ke8 59. Kc7 Ba4 60. d6 Bd7 1/2-1/2

[Event "Valby K41 op 0910"]
[Site "Valby"]
[Date "2010.03.02"]
[Round "9"]
[White "Karup, Jesper"]
[Black "Jorgensen, Kasper Moller"]
[Result "0-1"]
[WhiteElo "1706"]
[BlackElo "2013"]
[PlyCount "92"]
[EventDate "2009.11.03"]
[EventType "swiss"]
[EventRounds "9"]
[EventCountry "DEN"]
[SourceTitle "EXT 2018"]
[Source "ChessBase"]
[SourceDate "2017.10.13"]
[SourceVersion "1"]
[SourceVersionDate "2017.10.13"]
[SourceQuality "1"]

1. e4 c5 2. Nf3 Nc6 3. d4 cxd4 4. Nxd4 Nf6 5. Nc3 d6 6. Bc4 e6 7. Be3 Be7 8. Qe2 a6 9. 0-0-0 0-0 10. g4 Nxd4 11. Bxd4 e5 12. Bxe5 Bxg4 13. f3 Be6 14. Bxe6 fxe6 15. Bxd6 Bxd6 16. e5 Nd5 17. exd6 Qxd6 18. Nxd5 exd5 19. Rhe1 Rad8 20. Kb1 Rf5 21. Qe7 Qxe7 22. Rxe7 Rf7 23. Re3 Rdf8 24. Rxd5 Rxf3 25. Rxf3 Rxf3 26. Kc1 Rf1+ 27. Rd1 Rf2 28. Rd2 Rf1+ 29. Rd1 Rxd1+ 30. Kxd1 Kf7 31. Ke2 Ke6 32. c4 Ke5 33. Ke3 g5 34. b4 g4 35. b5 a5 36. b6 a4 37. a3 Kd6 38. Kd4 h5 39. c5+ Kc6 40. Ke4 h4 41. Kf4 Kxc5 42. Kxg4 Kxb6 43. Kxh4 Kc6 44. Kg3 b5 45. h4 b4 46. h5 bxa3 0-1

[Event "Valby K41 Autumn-B"]
[Site "Valby"]
[Date "2009.10.20"]
[Round "6"]
[White "Hojland, Ulrik"]
[Black "Karup, Jesper"]
[Result "1/2-1/2"]
[WhiteElo "1000"]
[BlackElo "1709"]
[PlyCount "60"]
[EventDate "2009.09.08"]
[EventType "swiss"]
[EventRounds "7"]
[EventCountry "DEN"]
[SourceTitle "EXT 2023"]
[Source "ChessBase"]
[SourceDate "2022.10.05"]
[SourceVersion "1"]
[SourceVersionDate "2022.10.05"]
[SourceQuality "1"]

1. e4 e6 2. d4 d5 3. Nd2 Nf6 4. e5 Nfd7 5. Bd3 c5 6. c3 Nc6 7. Ne2 cxd4 8. cxd4 f6 9. f4 fxe5 10. fxe5 Nxd4 11. 0-0 Bc5 12. Nxd4 Bxd4+ 13. Kh1 Nxe5 14. Qa4+ Nc6 15. Nf3 Bf6 16. Qg4 Qe7 17. Bxh7 Bd7 18. Bg6+ Kd8 19. Bg5 Rf8 20. Qg3 Be8 21. Bxe8 Kxe8 22. Nh4 Rf7 23. Ng6 Qd8 24. Nh8 Rf8 25. Bxf6 gxf6 26. Qg6+ Kd7 27. Nf7 Ne5 28. Nxe5+ fxe5 29. Qg7+ Qe7 30. Qxe5 Rxf1+ 1/2-1/2

[Event "Valby K41 Spring-B"]
[Site "Valby"]
[Date "2009.05.12"]
[Round "7"]
[White "Karup, Jesper"]
[Black "Nielsen, Jais Norgaard"]
[Result "0-1"]
[WhiteElo "1682"]
[BlackElo "1587"]
[PlyCount "44"]
[EventDate "2009.03.17"]
[EventType "tourn"]
[EventRounds "7"]
[EventCountry "DEN"]
[SourceTitle "EXT 2023"]
[Source "ChessBase"]
[SourceDate "2022.10.05"]
[SourceVersion "1"]
[SourceVersionDate "2022.10.05"]
[SourceQuality "1"]

1. e4 e5 2. Nf3 Nc6 3. Bb5 a6 4. Ba4 Nf6 5. Qe2 b5 6. Bb3 d6 7. c3 Bg4 8. 0-0 Be7 9. d3 h6 10. Bd2 Na5 11. Bc2 c5 12. a4 Nc6 13. Na3 b4 14. Nc4 a5 15. Be3 g5 16. Ncd2 Bh5 17. Qe1 g4 18. Nh4 Nxe4 19. Nf5 Nxd2 20. Qxd2 Bg6 21. Nxe7 Qxe7 22. Bxh6 Qh4 0-1

[Event "Valby K41 Spring-B"]
[Site "Valby"]
[Date "2009.04.21"]
[Round "4"]
[White "Weber, John"]
[Black "Karup, Jesper"]
[Result "0-1"]
[WhiteElo "1702"]
[BlackElo "1682"]
[PlyCount "64"]
[EventDate "2009.03.17"]
[EventType "tourn"]
[EventRounds "7"]
[EventCountry "DEN"]
[SourceTitle "EXT 2023"]
[Source "ChessBase"]
[SourceDate "2022.10.05"]
[SourceVersion "1"]
[SourceVersionDate "2022.10.05"]
[SourceQuality "1"]

1. f4 Nf6 2. Nf3 d5 3. d4 c5 4. e3 Bg4 5. Be2 Nc6 6. c3 e6 7. 0-0 Be7 8. Nbd2 Qb6 9. Ne5 Bxe2 10. Qxe2 h5 11. Qf3 Rf8 12. b3 cxd4 13. exd4 Nxd4 14. Qf2 Bc5 15. Kh1 Nxb3 16. Qg3 Nxa1 17. Qxg7 Ng4 18. Nd3 0-0-0 19. c4 Bd4 20. Qh7 Nf6 21. Qh6 Nc2 22. c5 Qc7 23. Nb3 Ne4 24. Nxd4 Nxd4 25. Bb2 Nf5 26. Qh7 f6 27. Qxc7+ Kxc7 28. Rc1 Ne3 29. Kg1 Rg8 30. g3 h4 31. Re1 Nc4 32. Ba1 hxg3 0-1

[Event "Valby K41 Aabent-ch 0809"]
[Site "Valby"]
[Date "2009.03.03"]
[Round "9"]
[White "Nielsen, Jais Norgaard"]
[Black "Karup, Jesper"]
[Result "0-1"]
[WhiteElo "1625"]
[BlackElo "1638"]
[PlyCount "69"]
[EventDate "2008.11.11"]
[EventType "swiss"]
[EventRounds "9"]
[EventCountry "DEN"]
[SourceTitle "EXT 2023"]
[Source "ChessBase"]
[SourceDate "2022.10.05"]
[SourceVersion "1"]
[SourceVersionDate "2022.10.05"]
[SourceQuality "1"]

1. e4 e6 2. d4 d5 3. Nc3 Nf6 4. e5 Nfd7 5. f4 c5 6. Nf3 Nc6 7. Be3 Qb6 8. Na4 Qa5+ 9. c3 c4 10. b4 Nxb4 11. cxb4 Bxb4+ 12. Kf2 b5 13. a3 Be7 14. Nc5 Nxc5 15. dxc5 Bb7 16. Qb1 Bc6 17. Nd4 Qa6 18. Qb4 0-0 19. Be2 Qb7 20. Nxc6 Qxc6 21. a4 Rfb8 22. a5 a6 23. f5 Rd8 24. Rhd1 Rac8 25. Bg4 f6 26. exf6 Bxf6 27. fxe6 Bxa1 28. e7 Qf6+ 29. Bf3 Re8 30. Kg1 d4 31. Rf1 Qxe7 32. Bf4 Bc3 33. Qa3 Qxc5 34. Qxc5 Rxc5 35. Bb7 0-1